[Event "26. Herner Stadtmeisterschaft 2025"]
[Site "?"]
[Date "2025.02.24"]
[Round "5.34"]
[White "Neumann, Frank"]
[Black "Mücke, Lukas-Benedikt"]
[Result "0-1"]
[WhiteElo "1321"]
[BlackElo "1650"]
[PlyCount "43"]
[GameId "2149302303891904"]
[EventDate "2025.??.??"]
[WhiteTeam "SV Waltrop 1922 e. V."]
[BlackTeam "vereinslos"]

1. e4 c5 2. Nf3 d6 3. Bb5+ Nd7 4. Nc3 a6 5. Be2 Ngf6 6. d4 cxd4 7. Nxd4 g6 8. O-O Bg7 9. Be3 O-O 10. Qd2 Re8 11. f4 Nc5 12. Bf3 Ng4 13. Bxg4 Bxg4 14. h3 Bd7 15. b4 e5 16. fxe5 dxe5 17. Nf3 Ne6 18. Rad1 Bc6 19. Qxd8 Raxd8 20. Ng5 Rxd1 21. Rxd1 Bh6 22. Nxe6 0-1

[Event "26. Herner Stadtmeisterschaft 2025"]
[Site "?"]
[Date "2025.02.24"]
[Round "5.35"]
[White "Krolik, Wilfried"]
[Black "Wickenfeld, Udo"]
[Result "1-0"]
[WhiteElo "1702"]
[BlackElo "1698"]
[PlyCount "77"]
[GameId "2149293120495921"]
[EventDate "2025.??.??"]
[WhiteTeam "SV Waltrop 1922 e. V."]
[BlackTeam "SC Recklinghausen Altsta"]

1. e4 c5 2. Nf3 d6 3. d4 cxd4 4. Nxd4 e5 5. Nf3 a6 6. Bc4 Be7 7. O-O Nf6 8. Re1 O-O 9. h3 b5 10. Bb3 Qc7 11. c3 Nbd7 12. Nbd2 Nc5 13. Bc2 Ne6 14. Nf1 Bb7 15. Ng3 Rac8 16. Nf5 Rfd8 17. Qe2 Bf8 18. Bg5 Nxg5 19. Nxg5 g6 20. Ng3 Bh6 21. h4 Bxg5 22. hxg5 Ne8 23. Rac1 Ng7 24. Bb3 Qe7 25. Qg4 Rf8 26. f3 Bc6 27. Kf2 Bd7 28. Qh4 Be6 29. Rh1 Nh5 30. Nxh5 gxh5 31. Qxh5 f5 32. Bxe6+ Kh8 33. Bxf5 Rxf5 34. exf5 Rc7 35. g6 Qg7 36. Qxh7+ Qxh7 37. Rxh7+ Rxh7 38. gxh7 Kxh7 39. Rd1 1-0

[Event "26. Herner Stadtmeisterschaft 2025"]
[Site "?"]
[Date "2025.02.24"]
[Round "5.37"]
[White "Landwehr, Ingo"]
[Black "Malessa, Uwe"]
[Result "1-0"]
[WhiteElo "1703"]
[BlackElo "1465"]
[PlyCount "81"]
[GameId "2149291679256857"]
[EventDate "2025.??.??"]
[WhiteTeam "Bochumer SV 02"]
[BlackTeam "SV Erkenschwick 1923 e"]

1. c4 e6 2. g3 Nf6 3. Bg2 d5 4. Nf3 c5 5. O-O Nc6 6. b3 Be7 7. Bb2 O-O 8. cxd5 exd5 9. d4 b6 10. e3 Bb7 11. Nbd2 Rc8 12. Ne5 cxd4 13. Nxc6 Bxc6 14. Bxd4 Re8 15. f3 Bc5 16. Re1 Bxd4 17. exd4 Qc7 18. Rc1 Qb7 19. Bh3 Rxe1+ 20. Qxe1 Re8 21. Qf2 Bb5 22. Bf1 Bxf1 23. Nxf1 Qa6 24. Rc2 h6 25. Qd2 Nh7 26. Ne3 Qb7 27. Qc1 Nf6 28. Kf2 Kf8 29. Rc7 Qb8 30. Qa3+ Kg8 31. Qxa7 Qxa7 32. Rxa7 Rc8 33. Rb7 Rc1 34. Rxb6 Ra1 35. a4 Ra2+ 36. Ke1 Rxh2 37. Nf1 Rb2 38. a5 Nh5 39. a6 Rg2 40. a7 Ra2 41. Rb8+ 1-0

[Event "26. Herner Stadtmeisterschaft 2025"]
[Site "?"]
[Date "2025.02.24"]
[Round "5.38"]
[White "Gutkin, Boris"]
[Black "Mai, Michael"]
[Result "1/2-1/2"]
[WhiteElo "1211"]
[BlackElo "1426"]
[PlyCount "38"]
[GameId "2149302718575053"]
[EventDate "2025.??.??"]
[WhiteTeam "SK Sodingen/Castrop 24/23 e. V."]
[BlackTeam "SV Günnigfeld 1922 e."]

1. d3 Nf6 2. g3 g6 3. Nf3 Bg7 4. Bg2 O-O 5. O-O d5 6. Nbd2 c6 7. e4 dxe4 8. Nxe4 Bf5 9. Nxf6+ Bxf6 10. d4 Be4 11. c3 Nd7 12. Re1 Bd5 13. Qc2 Re8 14. Bf4 Qb6 15. Ne5 Rad8 16. Bxd5 cxd5 17. Nxd7 Rxd7 18. Qa4 Rdd8 19. Qa3 e6 1/2-1/2

[Event "26. Herner Stadtmeisterschaft 2025"]
[Site "?"]
[Date "2025.02.24"]
[Round "5.39"]
[White "Franzel, Christian"]
[Black "Kümmel, Hans-Jürgen"]
[Result "1-0"]
[WhiteElo "1683"]
[BlackElo "1747"]
[PlyCount "97"]
[GameId "2149281031352485"]
[EventDate "2025.??.??"]
[WhiteTeam "SV Schwarz-Weiß Oberha"]
[BlackTeam "SV Günnigfeld 1922 e."]

1. Nf3 d5 2. d3 Nf6 3. g3 Bg4 4. Nbd2 Nbd7 5. Bg2 e5 6. e4 Be7 7. O-O O-O 8. h3 Bh5 9. c3 dxe4 10. dxe4 Nc5 11. Qc2 Qd3 12. Qxd3 Nxd3 13. Nc4 Bxf3 14. Bxf3 Nxc1 15. Raxc1 Bd6 16. Rfd1 Rfd8 17. Rc2 Ne8 18. Rcd2 f6 19. Bg2 Be7 20. f4 Rxd2 21. Rxd2 exf4 22. gxf4 Rd8 23. Rxd8 Bxd8 24. Na5 Nd6 25. e5 fxe5 26. fxe5 Nf7 27. Nxb7 Be7 28. Bd5 Kf8 29. e6 Ne5 30. a4 g5 31. b4 g4 32. hxg4 Nxg4 33. Na5 Ne5 34. Nc6 Nxc6 35. Bxc6 Bd6 36. Kg2 Ke7 37. Bd5 Kf6 38. Kf3 Ke5 39. Bb3 Be7 40. Kg4 h6 41. Kh5 Bg5 42. Kg6 Kd6 43. Kf7 h5 44. c4 h4 45. Bd1 c5 46. b5 Bd8 47. Bf3 h3 48. a5 h2 49. b6 1-0

[Event "26. Herner Stadtmeisterschaft 2025"]
[Site "?"]
[Date "2025.02.24"]
[Round "5.40"]
[White "Preuß, Thorsten"]
[Black "Mohammad, Othman"]
[Result "0-1"]
[WhiteElo "1164"]
[BlackElo "1206"]
[PlyCount "36"]
[GameId "2149303634989539"]
[EventDate "2025.??.??"]
[WhiteTeam "Bochumer SV 02"]
[BlackTeam "SG Wanne"]

1. e4 e5 2. Nf3 Nc6 3. Bc4 Bc5 4. d3 h6 5. Nc3 Nf6 6. O-O d6 7. h3 g5 8. Na4 g4 9. Nxc5 gxf3 10. Qxf3 dxc5 11. Be3 Nd4 12. Qd1 Rg8 13. c3 Bxh3 14. Kh2 Bxg2 15. cxd4 cxd4 16. Bxh6 Qd7 17. Rh1 Qh3+ 18. Kg1 Qxh1# 0-1

[Event "26. Herner Stadtmeisterschaft 2025"]
[Site "?"]
[Date "2025.03.10"]
[Round "6.2"]
[White "Werrn, Pascal"]
[Black "Koscielski, Janusz"]
[Result "1-0"]
[WhiteElo "2169"]
[BlackElo "2266"]
[PlyCount "65"]
[GameId "2154359829870367"]
[EventDate "2025.??.??"]
[WhiteTeam "SK Sodingen/Castrop 24/23 e. V."]
[BlackTeam "SV Wattenscheid 1930 e"]

1. Nf3 Nf6 2. d4 e6 3. e3 d5 4. Bd3 Be7 5. O-O O-O 6. b3 b6 7. Ne5 Nfd7 8. f4 f5 9. c4 Nxe5 10. fxe5 c6 11. Nc3 a5 12. cxd5 exd5 13. Qc2 g6 14. Ne2 Qd7 15. Nf4 Na6 16. Bd2 Nb4 17. Bxb4 axb4 18. Rac1 Bb7 19. g4 fxg4 20. Bxg6 Bg5 21. e6 Qg7 22. Bf7+ Kh8 23. Kh1 Rxf7 24. exf7 Qxf7 25. Nh3 Qe7 26. Nxg5 Qxg5 27. Qf5 Qg7 28. Qe6 Rf8 29. Kg2 Ba6 30. Rxf8+ Qxf8 31. Qxg4 Bd3 32. h4 Be4+ 33. Kg1 1-0

[Event "26. Herner Stadtmeisterschaft 2025"]
[Site "?"]
[Date "2025.03.10"]
[Round "6.3"]
[White "Quast, Marcel"]
[Black "Winterberg, Andreas"]
[Result "0-1"]
[WhiteElo "2137"]
[BlackElo "2049"]
[PlyCount "60"]
[GameId "2154352493491911"]
[EventDate "2025.??.??"]
[WhiteTeam "SC Gerthe 46 - Werne"]
[BlackTeam "SV Waltrop 1922 e. V."]

1. f4 d5 2. Nf3 Bg4 3. Ne5 Bh5 4. g3 Nd7 5. Nxd7 Qxd7 6. Bg2 Nf6 7. O-O Bg4 8. Qe1 h5 9. h4 O-O-O 10. d3 Bh3 11. Nd2 Bxg2 12. Kxg2 Ng4 13. Nf3 f6 14. e4 e6 15. Be3 dxe4 16. dxe4 Qc6 17. Bg1 Qc4 18. Kh1 Bc5 19. b3 Qb5 20. a4 Qb6 21. Qe2 Bxg1 22. Rxg1 Rd7 23. Rae1 Rhd8 24. Rg2 Qb4 25. Ra1 Qc3 26. Re1 Kb8 27. Rgg1 Rd2 28. Nxd2 Rxd2 29. Rd1 Qf3+ 30. Rg2 Rxd1+ 0-1

[Event "26. Herner Stadtmeisterschaft 2025"]
[Site "?"]
[Date "2025.03.10"]
[Round "6.4"]
[White "Peter, Thomas"]
[Black "Graw, Christopher"]
[Result "1/2-1/2"]
[WhiteElo "2104"]
[BlackElo "2227"]
[PlyCount "100"]
[GameId "2154365121312625"]
[EventDate "2025.??.??"]
[WhiteTeam "SV Wattenscheid 1930 e"]
[BlackTeam "SK Sodingen/Castrop 24/23 e. V."]

1. e4 c5 2. Nf3 e6 3. c3 d5 4. exd5 Qxd5 5. d4 Nf6 6. Na3 a6 7. Nc4 Nbd7 8. Ne3 Qc6 9. Be2 Be7 10. O-O O-O 11. Nc4 Qc7 12. Nce5 Rd8 13. Qb3 Nxe5 14. dxe5 Nd7 15. Bf4 b5 16. c4 Nb6 17. cxb5 c4 18. Qc2 axb5 19. Ng5 Bxg5 20. Bxg5 Rd7 21. Bf4 Bb7 22. a3 Bd5 23. Be3 Qc6 24. f3 Na4 25. Rad1 c3 26. b3 Nb2 27. Rd4 Rxa3 28. Rb4 Qc7 29. Rc1 Qxe5 30. Qxc3 Nc4 31. Bd4 Qg5 32. Rxb5 Nd6 33. Rb8+ Rd8 34. Rxd8+ Qxd8 35. Bxg7 Rxb3 36. Qa1 Nf5 37. Bf6 Qb8 38. Kh1 h5 39. Be5 Qf8 40. Qa6 Kh7 41. Bd3 Kg6 42. Be4 Re3 43. Bf4 Qa3 44. Qc8 Bxe4 45. Bxe3 Qxe3 46. fxe4 Qxe4 47. Qc2 Qxc2 48. Rxc2 h4 49. Kg1 Kg5 50. Kf2 Kf4 1/2-1/2

[Event "26. Herner Stadtmeisterschaft 2025"]
[Site "?"]
[Date "2025.03.10"]
[Round "6.5"]
[White "Rohloff, Markus"]
[Black "Lang, Daniel"]
[Result "1/2-1/2"]
[WhiteElo "1870"]
[BlackElo "2135"]
[PlyCount "56"]
[GameId "2154353701476054"]
[EventDate "2025.??.??"]
[WhiteTeam "SV Rot-WeiÃŸ-Altenessen"]
[BlackTeam "SV Wattenscheid 1930 e"]

1. e4 c5 2. Nf3 e6 3. d4 cxd4 4. Nxd4 Nc6 5. Bc4 Nf6 6. Nc3 Bb4 7. O-O d6 8. Bg5 a6 9. Nxc6 bxc6 10. Qf3 h6 11. e5 hxg5 12. exf6 gxf6 13. Qxc6+ Bd7 14. Qe4 Rh4 15. Qe2 Bxc3 16. bxc3 Qa5 17. Rad1 Ke7 18. Rd4 Rah8 19. Rxh4 Rxh4 20. Bxa6 Bc6 21. Bd3 g4 22. Be4 Qe5 23. g3 Rh8 24. Re1 Qxc3 25. Bxc6 Qxc6 26. Qxg4 Ra8 27. Qe4 Qxe4 28. Rxe4 Rxa2 1/2-1/2

[Event "26. Herner Stadtmeisterschaft 2025"]
[Site "?"]
[Date "2025.03.10"]
[Round "6.6"]
[White "Wolff, Christoph"]
[Black "Hahn, Matthias"]
[Result "0-1"]
[WhiteElo "1986"]
[BlackElo "2105"]
[PlyCount "108"]
[GameId "2154376261142451"]
[EventDate "2025.??.??"]
[WhiteTeam "SV Horst-Emscher 1931"]
[BlackTeam "SV Bochum-Linden-Dahlh"]

1. e4 e5 2. Nc3 Nf6 3. f4 d5 4. fxe5 Nxe4 5. Qf3 Nc6 6. Bb5 Nxc3 7. dxc3 Qh4+ 8. g3 Qe4+ 9. Qxe4 dxe4 10. Bf4 Bd7 11. Bc4 h6 12. e6 fxe6 13. Bxc7 Rc8 14. Bf4 Bc5 15. Kd2 Rf8 16. Re1 e3+ 17. Bxe3 Ne5 18. Bd5 Bxe3+ 19. Rxe3 Ng4 20. Re2 Nf2 21. Bxb7 Rb8 22. Be4 Nxh1 23. Bxh1 Rf1 24. Re1 Rxe1 25. Kxe1 Rxb2 26. Be4 Rxa2 27. Ne2 Ra5 28. Kd2 Ke7 29. c4 Kd6 30. Nd4 Ke5 31. Kd3 Ra3+ 32. c3 Ra2 33. c5 Ra5 34. Bc6 Bc8 35. Kc4 Ra1 36. Bg2 Ba6+ 37. Kb4 Rb1+ 38. Ka5 Ra1+ 39. Kb4 Rb1+ 40. Ka5 Bc4 41. Nc6+ Kf6 42. Nxa7 Rb3 43. c6 Rxc3 44. Kb6 e5 45. c7 Be6 46. Bb7 Ke7 47. Bc6 Rc2 48. c8=N+ Bxc8 49. Nxc8+ Ke6 50. h4 e4 51. Na7 e3 52. Nb5 Ke5 53. Na3 Rc3 54. Nb5 Rxc6+ 0-1

[Event "26. Herner Stadtmeisterschaft 2025"]
[Site "?"]
[Date "2025.03.10"]
[Round "6.7"]
[White "Bialas, Jan-Philip"]
[Black "Kandyba, Andriy"]
[Result "0-1"]
[WhiteElo "1841"]
[BlackElo "2024"]
[PlyCount "126"]
[GameId "2154377776134082"]
[EventDate "2025.??.??"]
[WhiteTeam "SV Datteln 1924"]
[BlackTeam "SV Bochum-Linden-Dahlh"]

1. d4 Nf6 2. Bf4 g6 3. Nc3 d5 4. Nb5 Na6 5. e3 c6 6. Na3 Bg7 7. Nf3 O-O 8. Be2 Qb6 9. Qc1 Ne4 10. O-O Nc7 11. c4 Ne6 12. Be5 f6 13. Bg3 Nxg3 14. hxg3 Bd7 15. Qd2 a6 16. Nc2 Nc7 17. Rfe1 Rad8 18. Rad1 Be6 19. c5 Qa7 20. Bd3 f5 21. Ng5 Bf7 22. f4 Bf6 23. Nf3 Kg7 24. Kf2 Ne6 25. Rh1 a5 26. a3 b6 27. b4 bxc5 28. bxc5 Rb8 29. Rb1 Rfc8 30. Na1 Nxc5 31. dxc5 Qxc5 32. Nb3 Qxa3 33. Nxa5 Rxb1 34. Rxb1 Bc3 35. Rb3 Qxb3 36. Nxb3 Bxd2 37. Nbxd2 c5 38. Bc2 Ra8 39. Ke2 h6 40. Nb3 Ra2 41. Kd2 d4 42. Nxc5 dxe3+ 43. Kd1 Bc4 44. Bb3 Bxb3+ 45. Nxb3 Rxg2 46. Nbd4 Kf6 47. Ne2 g5 48. Ke1 g4 49. Nh4 Rh2 50. Kf1 Rf2+ 51. Ke1 e6 52. Kd1 Rh2 53. Nc3 Rd2+ 54. Ke1 e5 55. fxe5+ Kxe5 56. Ng6+ Kd4 57. Ne2+ Ke4 58. Ngf4 Kf3 59. Ng1+ Kxg3 60. Nfe2+ Kg2 61. Nf4+ Kxg1 62. Nh3+ Kh2 63. Ng1 Rg2 0-1

[Event "26. Herner Stadtmeisterschaft 2025"]
[Site "?"]
[Date "2025.03.10"]
[Round "6.8"]
[White "Kantor, Nikita"]
[Black "Radi, GÃ¼nter"]
[Result "1-0"]
[WhiteElo "1934"]
[BlackElo "1902"]
[PlyCount "88"]
[GameId "2154362850199371"]
[EventDate "2025.??.??"]
[WhiteTeam "SpVigung Sterkrade-Nord"]
[BlackTeam "SV GÃ¼nnigfeld 1922 e."]

1. e4 e6 2. d3 d5 3. Nd2 c5 4. g3 Nc6 5. Bg2 Nf6 6. Ngf3 Be7 7. O-O O-O 8. Re1 dxe4 9. Nxe4 Nxe4 10. Rxe4 Bf6 11. h4 Bd7 12. Bg5 h6 13. Bxf6 Qxf6 14. c3 Rad8 15. Qe2 Qe7 16. g4 g6 17. g5 h5 18. Rd1 Nb8 19. d4 Bc6 20. Rf4 cxd4 21. Rfxd4 Rxd4 22. Rxd4 Rd8 23. Qd2 Rxd4 24. Qxd4 a6 25. Ne5 Bxg2 26. Kxg2 Qc7 27. f3 Nc6 28. Nxc6 Qxc6 29. a4 Qc7 30. b4 e5 31. Qd3 Kg7 32. c4 Qe7 33. c5 f6 34. gxf6+ Kxf6 35. Qe3 Kf7 36. Kg3 Kg7 37. b5 axb5 38. axb5 Qc7 39. b6 Qe7 40. Qe4 g5 41. hxg5 Qxg5+ 42. Kh3 Kf6 43. Qh4 Qxh4+ 44. Kxh4 Ke6 1-0

[Event "26. Herner Stadtmeisterschaft 2025"]
[Site "?"]
[Date "2025.03.10"]
[Round "6.9"]
[White "Cobanoglu, Ferhat"]
[Black "Markert, Dirk"]
[Result "1-0"]
[Annotator "georg"]
[WhiteElo "1888"]
[BlackElo "1925"]
[PlyCount "55"]
[GameId "2154347947467067"]
[EventDate "2025.??.??"]
[WhiteTeam "SK Sodingen/Castrop 24/23 e. V."]
[BlackTeam "SV Kamen 1930"]

{[%evp 0,17,19,18,25,19,9,15,15,10,5,-4,12,18,8,-23,-90,-28,-48,-60]} 1. e4 c5 2. c3 Nf6 3. e5 Nd5 4. d4 cxd4 5. Bc4 Nb6 6. Bb3 d6 7. cxd4 dxe5 8. Qh5 e6 9. dxe5 Nc6 10. Nf3 Bb4+ 11. Nc3 Nd5 12. Bd2 O-O 13. O-O Nce7 14. Ng5 h6 15. Nge4 Nf5 16. Rad1 Bxc3 17. bxc3 Qc7 18. c4 Qxe5 19. cxd5 Qxe4 20. Rfe1 Qh4 21. Qxh4 Nxh4 22. Bb4 Re8 23. Ba4 b5 24. Bxb5 Bb7 25. Bxe8 Rxe8 26. dxe6 fxe6 27. f3 Bd5 28. Rxd5 1-0

[Event "26. Herner Stadtmeisterschaft 2025"]
[Site "?"]
[Date "2025.03.10"]
[Round "6.10"]
[White "Waldschmidt, Georg"]
[Black "MÃ¼ller-Kreth, Kai"]
[Result "1-0"]
[WhiteElo "2125"]
[BlackElo "1746"]
[PlyCount "93"]
[GameId "2154367980697478"]
[EventDate "2025.??.??"]
[WhiteTeam "SK Sodingen/Castrop 24/23 e. V."]
[BlackTeam "SK Sodingen/Castrop 24/23 e. V."]

1. e4 c5 2. c3 d6 3. d4 cxd4 4. cxd4 Nf6 5. Nc3 e6 6. Nf3 Be7 7. Bd3 O-O 8. O-O Nc6 9. Re1 Re8 10. e5 dxe5 11. dxe5 Nd5 12. Qe2 Nxc3 13. bxc3 g6 14. Qe4 Qd5 15. Qe2 Rd8 16. Be4 Qa5 17. Bd2 Bd7 18. Bc2 Be8 19. h4 Rd7 20. Nd4 Nxd4 21. cxd4 Qd8 22. h5 Rxd4 23. Be3 Rd5 24. hxg6 hxg6 25. Be4 Rd7 26. Qf3 Qc8 27. Rec1 Qb8 28. Rab1 Qxe5 29. Bxb7 Rad8 30. Bxa7 Rd3 31. Be3 Ra3 32. Qe2 Bd6 33. g3 Ba4 34. Bf3 Qf5 35. Kg2 Rc3 36. Qb2 Rxc1 37. Rxc1 Rb8 38. Qd4 Bb4 39. Qa7 Qb5 40. Bc6 Qxc6+ 41. Rxc6 Bxc6+ 42. Kh3 Rb7 43. Qa8+ Kg7 44. Bh6+ Kxh6 45. Qh8+ Kg5 46. Qh4+ Kf5 47. Qf4# 1-0

[Event "26. Herner Stadtmeisterschaft 2025"]
[Site "?"]
[Date "2025.03.10"]
[Round "6.11"]
[White "Engelmann, Chris"]
[Black "Wiechen, Ulrich"]
[Result "0-1"]
[WhiteElo "1840"]
[BlackElo "2156"]
[PlyCount "24"]
[GameId "2154335272628332"]
[EventDate "2025.??.??"]
[WhiteTeam "SV Unser Fritz Wanne-E"]
[BlackTeam "SC Buer-Hassel 1919 e. V."]

1. e4 e5 2. Nf3 Nc6 3. d4 exd4 4. Nxd4 Bc5 5. Be3 Qf6 6. c3 Nge7 7. Bc4 Ne5 8. Bb3 d6 9. O-O Bd7 10. Na3 Qg6 11. Qd2 Bxd4 12. Bxd4 Nf3+ 0-1

[Event "26. Herner Stadtmeisterschaft 2025"]
[Site "?"]
[Date "2025.03.10"]
[Round "6.12"]
[White "Rath, Michael"]
[Black "Schelwokat, Peter"]
[Result "1/2-1/2"]
[WhiteElo "1899"]
[BlackElo "1942"]
[PlyCount "48"]
[GameId "2154346841588016"]
[EventDate "2025.??.??"]
[WhiteTeam "SV KÃ¶nigsspringer Halt"]
[BlackTeam "SpVigung Sterkrade-Nord"]

1. d4 Nf6 2. Nf3 d5 3. Bf4 e6 4. e3 c5 5. c4 cxd4 6. Nxd4 Nbd7 7. Bg3 Bb4+ 8. Nc3 a6 9. Be2 O-O 10. O-O Bxc3 11. bxc3 dxc4 12. Bxc4 Qa5 13. Qb3 b5 14. Be2 Bb7 15. a4 Nc5 16. Qa3 Nxa4 17. c4 Qc3 18. Qe7 Be4 19. Rfc1 Rfe8 20. Qd6 Qb2 21. cxb5 Red8 22. Qa3 Qxa3 23. Rxa3 axb5 24. Bxb5 Nb6 1/2-1/2

[Event "26. Herner Stadtmeisterschaft 2025"]
[Site "?"]
[Date "2025.03.10"]
[Round "6.13"]
[White "Gausmann, Thomas"]
[Black "Kramer, Martin"]
[Result "1/2-1/2"]
[WhiteElo "1821"]
[BlackElo "1816"]
[PlyCount "34"]
[GameId "2154336391917745"]
[EventDate "2025.??.??"]
[WhiteTeam "SG Bochum 1931"]
[BlackTeam "Dortmunder SV 1875"]

1. e4 c5 2. c3 Nf6 3. e5 Nd5 4. d4 cxd4 5. Nf3 d6 6. Bc4 Nb6 7. Bb3 Nc6 8. exd6 Qxd6 9. O-O Be6 10. Bxe6 Qxe6 11. Re1 Qd6 12. Nxd4 Rd8 13. Qf3 Nxd4 14. cxd4 Qc6 15. Qg4 Qd7 16. Qe4 Qd5 17. Nc3 Qxd4 1/2-1/2

[Event "26. Herner Stadtmeisterschaft 2025"]
[Site "?"]
[Date "2025.03.10"]
[Round "6.14"]
[White "Boxberg, Olaf"]
[Black "Tolksdorf, JÃ¼rgen"]
[Result "1-0"]
[WhiteElo "1834"]
[BlackElo "1688"]
[PlyCount "57"]
[GameId "2154341034623223"]
[EventDate "2025.??.??"]
[WhiteTeam "SV Datteln 1924"]
[BlackTeam "SV GÃ¼nnigfeld 1922 e."]

1. e4 e6 2. d3 b6 3. Nf3 Bb7 4. c3 Nc6 5. Be2 Qe7 6. O-O O-O-O 7. Re1 h5 8. d4 d5 9. exd5 Rxd5 10. Bc4 Rd8 11. Qe2 Kb8 12. Bf4 Qd7 13. Nbd2 Nge7 14. Bg3 Nd5 15. Bb5 Bd6 16. Bh4 Be7 17. Ne5 Qe8 18. Bxe7 Ndxe7 19. Ndf3 Qf8 20. a4 Rh6 21. a5 Nxe5 22. Nxe5 c6 23. Ba6 f6 24. Bxb7 Kxb7 25. axb6 axb6 26. Qa6+ Kc7 27. Qa7+ Kd6 28. Nc4+ Kd5 29. Nxb6+ 1-0

[Event "26. Herner Stadtmeisterschaft 2025"]
[Site "?"]
[Date "2025.03.10"]
[Round "6.16"]
[White "Slaby, Dietmar"]
[Black "Schneider, Timo"]
[Result "1-0"]
[WhiteElo "1794"]
[BlackElo "1692"]
[PlyCount "61"]
[GameId "2154360790251309"]
[EventDate "2025.??.??"]
[WhiteTeam "SV KÃ¶nigsspringer Halt"]
[BlackTeam "SV Datteln 1924"]

1. e4 e5 2. Nf3 Nc6 3. Bc4 d6 4. h3 Be7 5. c3 Nf6 6. d3 Na5 7. Bb5+ c6 8. Ba4 b5 9. Bc2 d5 10. b4 dxe4 11. Nxe5 Qc7 12. d4 Nb7 13. Bg5 c5 14. bxc5 Nxc5 15. Qe2 a6 16. O-O O-O 17. Nd2 Ne6 18. Bxf6 Bxf6 19. Qxe4 g6 20. Ng4 Bg7 21. Qe3 Nxd4 22. Be4 Qxc3 23. Bxa8 Bxg4 24. hxg4 Qxe3 25. fxe3 Nc2 26. Rac1 Nxe3 27. Rfe1 Nxg4 28. Bb7 Bd4+ 29. Kf1 Bb2 30. Rc2 Nh2+ 31. Kg1 1-0

[Event "26. Herner Stadtmeisterschaft 2025"]
[Site "?"]
[Date "2025.03.10"]
[Round "6.17"]
[White "Klein, Andreas"]
[Black "Kleinert, Andreas"]
[Result "0-1"]
[WhiteElo "1826"]
[BlackElo "1844"]
[PlyCount "132"]
[GameId "2154371738597268"]
[EventDate "2025.??.??"]
[WhiteTeam "SC Buer-Hassel 1919 e. V."]
[BlackTeam "SC Buer-Hassel 1919 e. V."]

1. e4 d6 2. d3 e5 3. f4 d5 4. exd5 Qxd5 5. Nc3 Bb4 6. Bd2 Qe6 7. fxe5 Qxe5+ 8. Qe2 Nc6 9. Nf3 Qxe2+ 10. Bxe2 Bd7 11. Nd5 Bd6 12. O-O-O f6 13. Rde1 O-O-O 14. a3 Nge7 15. Nxe7+ Bxe7 16. c3 Rhe8 17. d4 Na5 18. b4 Nb3+ 19. Kc2 Nxd2 20. Nxd2 b6 21. Bd3 g6 22. Ba6+ Kb8 23. g3 Bf8 24. Bc4 Rxe1 25. Rxe1 Re8 26. Rxe8+ Bxe8 27. Be6 c6 28. Kb3 Kc7 29. c4 Bg7 30. a4 Kd6 31. Bg8 h6 32. c5+ Kc7 33. Kc4 bxc5 34. dxc5 f5 35. Nf3 Bd7 36. b5 g5 37. Bf7 Kd8 38. b6 axb6 39. cxb6 Kc8 40. a5 Kb7 41. Nd2 f4 42. gxf4 gxf4 43. Bh5 Be6+ 44. Kc5 Bf8+ 45. Kd4 Bb4 46. Ne4 Bd5 47. Nc5+ Bxc5+ 48. Kxc5 f3 49. Kd4 f2 50. Be2 Bg2 51. Kc5 f1=Q 52. a6+ Kb8 53. a7+ Kb7 54. a8=Q+ Kxa8 55. Bxf1 Bxf1 56. Kxc6 Kb8 57. h4 Be2 58. Kd6 h5 59. Ke5 Kb7 60. Kf4 Kxb6 61. Ke3 Bd1 62. Kf4 Kc5 63. Ke4 Kc4 64. Ke3 Kd5 65. Kf4 Kd4 66. Kg3 Ke3 0-1

[Event "26. Herner Stadtmeisterschaft 2025"]
[Site "?"]
[Date "2025.03.10"]
[Round "6.18"]
[White "Baumeister, Sven"]
[Black "Zygan, Michael"]
[Result "1/2-1/2"]
[WhiteElo "1737"]
[BlackElo "1913"]
[PlyCount "94"]
[GameId "2154361713477436"]
[EventDate "2025.??.??"]
[WhiteTeam "SV Datteln 1924"]
[BlackTeam "SK Sodingen/Castrop 24/23 e.V."]

1. e4 c6 2. d4 d5 3. e5 Bf5 4. h4 h5 5. Bd3 Bxd3 6. Qxd3 e6 7. Nf3 Nh6 8. Bg5 Be7 9. Nbd2 Nd7 10. c4 Nb6 11. c5 Nd7 12. Nf1 Nf5 13. Ne3 Qa5+ 14. Qd2 Qxd2+ 15. Kxd2 Nxe3 16. fxe3 f6 17. Bf4 O-O 18. Rag1 fxe5 19. Bxe5 Nxe5 20. Nxe5 Rf2+ 21. Kc3 Re2 22. Rh3 Kh7 23. Nd3 g5 24. hxg5 Bxg5 25. Nf4 Bxf4 26. exf4 Kg6 27. g3 Rf8 28. Rgh1 Rf5 29. R1h2 Rxh2 30. Rxh2 Rf7 31. Kd3 b6 32. Re2 Rf6 33. cxb6 axb6 34. b4 Kf5 35. Re5+ Kg4 36. Rg5+ Kf3 37. a4 Rf7 38. Kc3 Ra7 39. Kb3 h4 40. gxh4 Kxf4 41. Re5 Re7 42. h5 c5 43. bxc5 bxc5 44. Kc3 cxd4+ 45. Kxd4 Ra7 46. Rxe6 Rxa4+ 47. Kxd5 Ra5+ 1/2-1/2

[Event "26. Herner Stadtmeisterschaft 2025"]
[Site "?"]
[Date "2025.03.10"]
[Round "6.19"]
[White "Scheithauer, Ralf"]
[Black "Dlouhy, Peter"]
[Result "0-1"]
[WhiteElo "1309"]
[BlackElo "1754"]
[PlyCount "148"]
[GameId "2154374513567653"]
[EventDate "2025.??.??"]
[WhiteTeam "Bochumer SV 02"]
[BlackTeam "SV Unser Fritz Wanne-E"]

1. e4 b6 2. d4 Bb7 3. Bd3 e6 4. Nf3 Nf6 5. Qe2 Be7 6. Nc3 d5 7. e5 Nfd7 8. a3 c5 9. Bb5 a6 10. Bxd7+ Nxd7 11. Bf4 Rc8 12. O-O O-O 13. Rfe1 cxd4 14. Nxd4 Rc4 15. Qd3 Qc8 16. Nce2 Rc7 17. c3 Nc5 18. Qc2 Rd8 19. Rad1 b5 20. Nf3 Ne4 21. Ned4 Qd7 22. Qd3 Rdc8 23. Nd2 Nc5 24. Qb1 Qd8 25. N2f3 Nd7 26. Qd3 Rc4 27. Nd2 R4c5 28. N2b3 R5c7 29. Nd2 Nf8 30. h3 Ng6 31. Bg3 Bc5 32. N2f3 Be7 33. Qd2 Rc4 34. Qe3 Qd7 35. Nd2 R4c7 36. N2f3 Rc5 37. Nb3 Rc4 38. Nbd2 R4c7 39. Nb3 Qd8 40. Nbd4 Ba8 41. Qd2 Rb7 42. Ra1 a5 43. Nc2 Qb6 44. Qd4 Bc5 45. Qd2 Rbc7 46. Ncd4 b4 47. Rec1 Be7 48. Qd3 bxa3 49. bxa3 a4 50. Ne2 Bb7 51. Nfd4 Ba6 52. Qd2 Rc4 53. Nc2 R4c7 54. Ncd4 Qa5 55. Qe3 Bc5 56. Qd2 Ne7 57. Bf4 Bxd4 58. Nxd4 Rxc3 59. Rxc3 Qxc3 60. Qe1 Qb2 61. Be3 h6 62. Nf3 Nf5 63. Bd4 Nxd4 64. Nxd4 Rc4 65. Nf3 Rc2 66. Rb1 Qc3 67. Ra1 Be2 68. Qb1 Bxf3 69. gxf3 Qd2 70. Qf1 Qg5+ 71. Kh1 Qxe5 72. Rb1 Qe2 73. Rb8+ Kh7 74. Qb1 Qxf2 0-1

[Event "26. Herner Stadtmeisterschaft 2025"]
[Site "?"]
[Date "2025.03.10"]
[Round "6.20"]
[White "Koch, Burkhard"]
[Black "Dimitriadis, Elias"]
[Result "1/2-1/2"]
[WhiteElo "1787"]
[BlackElo "1736"]
[PlyCount "72"]
[GameId "2154356854081268"]
[EventDate "2025.??.??"]
[WhiteTeam "SG Wanne"]
[BlackTeam "SV Waltrop 1922 e. V."]

1. e4 c6 2. d4 d5 3. exd5 cxd5 4. Bd3 Nc6 5. c3 Nf6 6. Bf4 g6 7. Nd2 Bg7 8. Ngf3 Bg4 9. h3 Bxf3 10. Nxf3 Qb6 11. Qe2 O-O 12. O-O Rfe8 13. Ne5 a6 14. Bh2 Rad8 15. Rae1 Nxe5 16. Bxe5 Nd7 17. Bxg7 Kxg7 18. f4 f5 19. g4 e5 20. fxe5 Nxe5 21. gxf5 Nxd3 22. Qxd3 Rxe1 23. Rxe1 Rd6 24. Re7+ Kg8 25. Qe3 gxf5 26. Re8+ Kg7 27. Qe7+ Kh6 28. Rg8 Rg6+ 29. Rxg6+ Qxg6+ 30. Kf2 b5 31. Qh4+ Kg7 32. Qe7+ Qf7 33. Qg5+ Qg6 34. Qe7+ Kh6 35. Qh4+ Qh5 36. Qf6+ Qg6 1/2-1/2

[Event "26. Herner Stadtmeisterschaft 2025"]
[Site "?"]
[Date "2025.03.10"]
[Round "6.22"]
[White "Steinke, Hans-JÃ¶rg"]
[Black "Funke, Eckhard"]
[Result "0-1"]
[WhiteElo "1715"]
[BlackElo "1920"]
[PlyCount "54"]
[GameId "2154344479068442"]
[EventDate "2025.??.??"]
[WhiteTeam "SV Erkenschwick 1923 e"]
[BlackTeam "SV GÃ¼nnigfeld 1922 e."]

1. d4 Nf6 2. c4 e5 3. dxe5 Ng4 4. Nf3 Bc5 5. e3 Qe7 6. Nc3 Nxe5 7. Nxe5 Qxe5 8. Be2 O-O 9. O-O c6 10. Bf3 d5 11. cxd5 Bd6 12. g3 Bh3 13. Re1 cxd5 14. Qxd5 Nc6 15. Qxe5 Nxe5 16. Bxb7 Rab8 17. Be4 Bb4 18. f4 Nc4 19. Bd5 Nb6 20. Bg2 Bxg2 21. Kxg2 Na4 22. Bd2 Nxb2 23. Ne4 Rfd8 24. Bxb4 Rxb4 25. Kf3 f5 26. Nc5 Nc4 27. Rab1 Nd2+ 0-1